BMX riding / (Record no. 58570)

MARC details
000 -LEADER
fixed length control field 01057nam a22002537a 4500
005 - DATE AND TIME OF LATEST TRANSACTION
control field 20111121143018.0
010 ## - LCCN (DPL NO)
LC control number B-444728
020 ## - INTERNATIONAL STANDARD BOOK NUMBER
International Standard Book Number 9780791070024
Terms of availability 295.00
035 ## - SYSTEM CONTROL NUMBER
System control number B-444728
082 00 - DEWEY DECIMAL CLASSIFICATION NUMBER
Classification number 796.62
100 1# - MAIN ENTRY--PERSONAL NAME
Personal name Herran, Joe.
245 10 - TITLE STATEMENT
Title BMX riding /
Statement of responsibility, etc Joe Herran and Ron Thomas.
260 ## - PUBLICATION, DISTRIBUTION, ETC. (IMPRINT)
Place of publication, distribution, etc Philadelphia :
Name of publisher, distributor, etc Chelsea House Publishers,
Date of publication, distribution, etc 2003.
270 ## - ADDRESS
Address 1974 Sproul Road, Suite 400
City Broomall,
Postal code PA19008-0914
300 ## - PHYSICAL DESCRIPTION
Extent 32 p.
Other physical details col. ill.
Dimensions 29 cm.
490 1# - SERIES STATEMENT
Series statement Action sports
-- 37821
500 ## - GENERAL NOTE
General note Includes index.
700 1# - ADDED ENTRY--PERSONAL NAME
Personal name Thomas, Ron,
9 (RLIN) 35960
830 #0 - SERIES ADDED ENTRY--UNIFORM TITLE
9 (RLIN) 35961
942 ## - ADDED ENTRY ELEMENTS (KOHA)
Source of classification or shelving scheme Dewey Decimal Classification
Item type Children Books
Classification part 796.62
Call number suffix HER
Holdings
Withdrawn status Lost status Not for loan Collection code Home library Current library Date acquired Source of acquisition Cost, normal purchase price Full call number Barcode Copy number Cost, replacement price Koha item type
      Non-fiction Sarojini Nagar Sarojini Nagar 02/01/2012 Blue Berry/7042/29.9.2011/83/21.3.2011/12.10.2011 295.00 796.62 HER B-444728 1 295.00 Children Books

© Delhi Public Library
Hit Counter
free hit counter